SNELL'S CLINICAL NEUROANATOMY (Record no. 29157)

MARC details
000 -LEADER
fixed length control field 00396nam a22001697a 4500
003 - CONTROL NUMBER IDENTIFIER
control field SGT
020 ## - INTERNATIONAL STANDARD BOOK NUMBER
International Standard Book Number 9789389859379
082 ## - DEWEY DECIMAL CLASSIFICATION NUMBER
Classification number 611
Item number S23S
100 ## - MAIN ENTRY--PERSONAL NAME
Personal name SPLITTGERBER, RYAN
245 ## - TITLE STATEMENT
Title SNELL'S CLINICAL NEUROANATOMY
250 ## - EDITION STATEMENT
Edition statement 8TH
260 ## - PUBLICATION, DISTRIBUTION, ETC. (IMPRINT)
Place of publication, distribution, etc INDIA
Name of publisher, distributor, etc WOLTERS KLUWER
Year of Publication 2023
300 ## - PAGE DESCRIPTION
No. of Pages 562
650 ## - SUBJECT ADDED ENTRY--TOPICAL TERM
Topical term or geographic name as entry element NEUROANATOMY
653 ## - KEYWORDS--INDEX TERM
Keyword term SNELL, CLINICAL, NEUROANATOMY
942 ## - ADDED ENTRY ELEMENTS (KOHA)
Source of classification or shelving scheme Dewey Decimal Classification
Koha item type Books
942 ## - ADDED ENTRY ELEMENTS (KOHA)
-- 2
Holdings
Withdrawn status Lost status Source of classification or shelving scheme Damaged status Not for loan Collection code Home library Current library Shelving location Date acquired Vendor Name Cost, normal purchase price SGTU Total Checkouts Full call number Accession No. (Barcode) Date last seen Date last borrowed Bill Date Koha item type Use restrictions
    Dewey Decimal Classification     AYURVEDA SGT FA-FP Library SGT FA-FP Library Text Book 18/01/2025 AHUJA PUB. 2525.00 SGTU 1 611 S23S FA12610 24/01/2025 24/01/2025 21/11/2024 Books  
    Dewey Decimal Classification     AYURVEDA SGT FA-FP Library SGT FA-FP Library Reference Book 18/01/2025 AHUJA PUB. 2525.00 SGTU   611 S23S FA12611 18/01/2025   21/11/2024 Books Restricted Access
    Dewey Decimal Classification     AYURVEDA SGT FA-FP Library SGT FA-FP Library Text Book 18/01/2025 AHUJA PUB. 2525.00 SGTU 1 611 S23S FA12612 24/01/2025 24/01/2025 21/11/2024 Books